MARC

LEADER 00000nam0a2200000 4500
001 323378
005 20231102003550.0
035 |a (RuTPU)RU\TPU\book\348962 
090 |a 323378 
100 |a 20161018d1962 km y0rusy50 ca 
101 0 |a rus 
102 |a RU 
105 |a a g 000zy 
200 1 |a Справочник конструктора точных приборов  |f И. Я. Левин 
205 |a 2-е изд. 
210 |a Москва  |c Оборонгиз  |d 1962 
215 |a 727 с.  |c ил. 
606 1 |a Точные приборы  |x Конструкция и расчет  |x Расчет  |2 stltpush  |3 (RuTPU)RU\TPU\subj\61155  |9 78363 
610 1 |a конструирование 
610 1 |a математические основы 
610 1 |a меры 
610 1 |a величины 
610 1 |a допуски 
610 1 |a посадки 
610 1 |a неразъемные соединения 
610 1 |a паяние 
610 1 |a опрессовка 
610 1 |a разъемные соединения 
610 1 |a штифты 
610 1 |a детали 
610 1 |a муфты 
610 1 |a зубчатые передачи 
610 1 |a червячные передачи 
610 1 |a фиксаторы 
610 1 |a вращательные движения 
610 1 |a пружины 
610 1 |a материалы 
610 1 |a физико-механические свойства 
610 1 |a справочники 
675 |a 681.1(035)  |v 4 
700 1 |a Левин  |b И. Я.  |g Иосиф Яковлевич 
801 1 |a RU  |b 63413507  |c 20161018 
801 2 |a RU  |b 63413507  |c 20161020  |g RCR 
942 |c BK